[Event "MCR 2022 D08"]
[Site "Klatovy, Czech Republic"]
[Date "2022.04.09"]
[Round "1.1"]
[White "Fizerova, Veronika"]
[Black "Machacova, Lea"]
[Result "0-1"]
[WhiteElo "1000"]
[BlackElo "1000"]
[PlyCount "86"]
[EventDate "2022.04.09"]
[EventType "swiss"]
[EventRounds "9"]
[EventCountry "CZE"]

1. e4 e5 2. Nf3 Nc6 3. Bc4 Bc5 4. O-O Nf6 5. Ng5 O-O 6. d3 d6 7. Nc3 Bg4 8. Qd2
Rc8 9. Bxf7+ Kh8 10. Be6 Bxe6 11. Nxe6 Qe7 12. Nxf8 Qxf8 13. Na4 Bb4 14. c3 Ba5
15. b4 Bb6 16. Nxb6 axb6 17. d4 exd4 18. cxd4 Nxd4 19. Qxd4 Re8 20. Bg5 c5 21.
bxc5 bxc5 22. Qd5 Rxe4 23. Bxf6 Qe8 24. Qxd6 Re6 25. Qxc5 Rxf6 26. Qc7 Rf7 27.
Rae1 Qf8 28. Qc4 b5 29. Qxb5 Rf5 30. Qb7 g5 31. Qc7 Rf7 32. Qc4 Re7 33. Rb1 Qe8
34. Rb6 Re1 35. Rb1 Rxf1+ 36. Rxf1 g4 37. Qxg4 h5 38. Qg5 Kh7 39. Qf6 Kg8 40.
Rc1 h4 41. Qxh4 Qg6 42. Rc7 Qe8 43. Qf4 Qe1# 0-1

[Event "MCR 2022 D08"]
[Site "Klatovy, Czech Republic"]
[Date "2022.04.09"]
[Round "1.3"]
[White "Chmelova, Klara"]
[Black "Melicharova, Tereza"]
[Result "1-0"]
[WhiteElo "1000"]
[BlackElo "1000"]
[PlyCount "83"]
[EventDate "2022.04.09"]
[EventType "swiss"]
[EventRounds "9"]
[EventCountry "CZE"]

1. e4 e5 2. Nf3 Nc6 3. Bb5 d6 4. Bxc6+ bxc6 5. Qe2 Qe7 6. d3 Rb8 7. Bg5 Qe6 8.
Nc3 Be7 9. O-O-O Qg4 10. Bxe7 Nxe7 11. h3 Qxg2 12. Rdg1 Qxh1 13. Rxh1 O-O 14.
Qf1 d5 15. Rg1 g6 16. h4 d4 17. Na4 Be6 18. h5 Bxa2 19. hxg6 Nxg6 20. Ng5 Rb4
21. Qh3 Kg7 22. Qxh7+ Kf6 23. b3 Nf4 24. Qh6+ Ke7 25. Kb2 Ne2 26. Re1 Rg8 27.
Rxe2 f6 28. Qh7+ Kd6 29. Qxg8 fxg5 30. Qxg5 c5 31. Kxa2 c4 32. dxc4 c5 33. Qg6+
Kc7 34. Re1 Kb8 35. Qg7 Ka8 36. Rh1 a6 37. Rh8+ Rb8 38. Rxb8+ Kxb8 39. Nxc5 a5
40. Ka3 Kc8 41. Qd7+ Kb8 42. Qb7# 1-0

[Event "MCR 2022 D08"]
[Site "Klatovy, Czech Republic"]
[Date "2022.04.09"]
[Round "1.4"]
[White "Michnova, Marie"]
[Black "Kadlecova, Amanda"]
[Result "0-1"]
[WhiteElo "1000"]
[BlackElo "1000"]
[PlyCount "33"]
[EventDate "2022.04.09"]
[EventType "swiss"]
[EventRounds "9"]
[EventCountry "CZE"]

1. d3 d5 2. Qd2 Bf5 3. Nh3 Nf6 4. Rg1 e6 5. Na3 Bxa3 6. Rb1 Bd6 7. Qd1 O-O 8.
Bd2 Nc6 9. c3 Bxd3 10. exd3 Ng4 11. d4 Nxd4 12. cxd4 Nxh2 13. Rh1 Ng4 14. Rc1
a5 15. a3 Bxa3 16. bxa3 b5 17. Bxb5 0-1

[Event "MCR 2022 D08"]
[Site "Klatovy, Czech Republic"]
[Date "2022.04.09"]
[Round "1.5"]
[White "Kadlecova, Samantha"]
[Black "Petrovska, Adela"]
[Result "1/2-1/2"]
[WhiteElo "1000"]
[BlackElo "1000"]
[PlyCount "145"]
[EventDate "2022.04.09"]
[EventType "swiss"]
[EventRounds "9"]
[EventCountry "CZE"]

1. e4 e5 2. Nf3 Nc6 3. Bb5 Nf6 4. Nc3 d6 5. h3 a6 6. Ba4 h6 7. d3 Be7 8. Be3
O-O 9. Nd5 Nxd5 10. exd5 Nb4 11. O-O Bf5 12. a3 Nxd5 13. Bd2 Bg5 14. Nxg5 hxg5
15. Qh5 f6 16. c4 Nf4 17. Qf3 Nxd3 18. b3 Nb2 19. Qxb7 Rb8 20. Qxa6 Nxa4 21.
bxa4 Rb2 22. Ba5 Rc2 23. Qc6 Bd7 24. Qxc7 Qxc7 25. Bxc7 Rxc4 26. Bxd6 Re8 27.
a5 Rd4 28. Bc5 Rd3 29. a6 Bc6 30. a7 Rb3 31. a4 Be4 32. Rfe1 Bf5 33. a5 Ra8 34.
Ra4 Bd7 35. Ra2 Be6 36. Rd1 Rc3 37. Rad2 Rxc5 38. Rd8+ Kh7 39. Rxa8 Rxa5 40.
Rd6 Bd5 41. Rd7 Bxa8 42. Rd8 Bc6 43. Rd6 Ba4 44. Rd8 Rxa7 45. g4 e4 46. Rd4 Bc6
47. Rc4 Bd5 48. Rd4 Bc6 49. Rc4 Bd5 50. Rd4 Bc6 51. Kg2 Ra5 52. Kg3 f5 53. h4
gxh4+ 54. Kxh4 fxg4 55. Kxg4 Bb5 56. Rd5 Bc6 57. Rxa5 Bd7+ 58. Kf4 Bc6 59. Rc5
Bb7 60. Rc7 Bd5 61. Ke3 Kg6 62. Kd4 Ba8 63. Ra7 Bc6 64. Ra6 Kf7 65. Rxc6 g6 66.
Kxe4 Kg7 67. Kf4 Kh6 68. Ke5 Kh5 69. f4 Kh4 70. f5 Kh5 71. f6 Kh6 72. f7 Kh7
73. f8=Q 1/2-1/2

[Event "MCR 2022 D08"]
[Site "Klatovy, Czech Republic"]
[Date "2022.04.09"]
[Round "1.6"]
[White "Postlova, Agata"]
[Black "Kammova, Viktorie"]
[Result "1-0"]
[WhiteElo "1000"]
[BlackElo "1000"]
[PlyCount "53"]
[EventDate "2022.04.09"]
[EventType "swiss"]
[EventRounds "9"]
[EventCountry "CZE"]

1. e4 e5 2. Nf3 Nf6 3. Nc3 Nc6 4. Bc4 Be7 5. O-O Bc5 6. d3 O-O 7. Bd2 d6 8. Qe2
Bg4 9. h3 Bxf3 10. Qxf3 Nd7 11. Bd5 Nb4 12. a3 Nxc2 13. Ra2 Nxa3 14. bxa3 Bxf2+
15. Rxf2 b5 16. Nxb5 Nc5 17. Bxa8 Qxa8 18. Nxc7 Qb7 19. Nd5 Nxe4 20. Ne3 Qd5
21. Nxd5 Rd8 22. Qxf7+ Kh8 23. Qe7 Rg8 24. Qf7 a5 25. Ne7 Rc8 26. Nxc8 d5 27.
Qf8# 1-0

[Event "MCR 2022 D08"]
[Site "Klatovy, Czech Republic"]
[Date "2022.04.09"]
[Round "2.1"]
[White "Machacova, Lea"]
[Black "Chmelova, Klara"]
[Result "1-0"]
[WhiteElo "1000"]
[BlackElo "1000"]
[PlyCount "37"]
[EventDate "2022.04.09"]
[EventType "swiss"]
[EventRounds "9"]
[EventCountry "CZE"]

1. d4 e6 2. e4 d5 3. Bb5+ Nc6 4. Bxc6+ bxc6 5. exd5 exd5 6. Bf4 Qe7+ 7. Ne2 Ba6
8. O-O Bxe2 9. Qd2 Bxf1 10. Kxf1 Nf6 11. Qa5 Qe4 12. Nc3 Qxf4 13. Ne2 Qxh2 14.
Qc3 Qh1+ 15. Ng1 Ng4 16. Re1+ Be7 17. Qxc6+ Kf8 18. Qxa8+ Bd8 19. Qxd8# 1-0

[Event "MCR 2022 D08"]
[Site "Klatovy, Czech Republic"]
[Date "2022.04.09"]
[Round "2.3"]
[White "Tykalova, Barbora"]
[Black "Kapucianova, Nela"]
[Result "1-0"]
[WhiteElo "1000"]
[BlackElo "1000"]
[PlyCount "37"]
[EventDate "2022.04.09"]
[EventType "swiss"]
[EventRounds "9"]
[EventCountry "CZE"]

1. e4 e5 2. Nf3 Nc6 3. Bc4 Nf6 4. Ng5 h6 5. Nxf7 Rh7 6. Nxd8 Nxd8 7. Nc3 Nc6 8.
Nb5 Rb8 9. Nxc7+ Kd8 10. Nd5 Nxe4 11. d3 Ng5 12. O-O d6 13. h4 Bh3 14. hxg5
hxg5 15. gxh3 Rxh3 16. Kg2 g4 17. Qxg4 Rh7 18. Bg5+ Ke8 19. Nc7# 1-0

[Event "MCR 2022 D08"]
[Site "Klatovy, Czech Republic"]
[Date "2022.04.09"]
[Round "2.5"]
[White "Petrovska, Adela"]
[Black "Postlova, Agata"]
[Result "1-0"]
[WhiteElo "1000"]
[BlackElo "1000"]
[PlyCount "96"]
[EventDate "2022.04.09"]
[EventType "swiss"]
[EventRounds "9"]
[EventCountry "CZE"]

1. e4 e5 2. Nf3 Nf6 3. Nc3 Nc6 4. Bb5 d6 5. O-O Bg4 6. Bxc6+ bxc6 7. d3 Be7 8.
Bg5 O-O 9. Bxf6 Bxf6 10. h3 Bxf3 11. Qxf3 Bh4 12. Qg4 d5 13. exd5 cxd5 14. g3
Rb8 15. gxh4 e4 16. dxe4 dxe4 17. Nxe4 Rxb2 18. Qe2 Qxh4 19. Ng3 Qxh3 20. Rfe1
Rb6 21. Qe3 Rh6 22. f3 g6 23. Nf1 Rh5 24. Kf2 Qh1 25. Ke2 Rd5 26. Qe4 Ra5 27.
Kd1 Qh3 28. Qf4 Rd8+ 29. Kc1 Qg2 30. Qb4 Rg5 31. Rb1 Qxf3 32. Nd2 Qf2 33. Ne4
Qf4+ 34. Kb2 a5 35. Qc4 a4 36. Nxg5 h6 37. Qxf4 a3+ 38. Kxa3 Rd3+ 39. Kb2 h5
40. Ne4 g5 41. Qf5 h4 42. Qxg5+ Kf8 43. Qxh4 f5 44. Nf2 f4 45. Nxd3 f3 46. Rf1
Kf7 47. Rxf3+ Kg6 48. Rf4 Kg7 1-0

[Event "MCR 2022 D08"]
[Site "Klatovy, Czech Republic"]
[Date "2022.04.09"]
[Round "2.6"]
[White "Hanzlova, Vendula"]
[Black "Kadlecova, Samantha"]
[Result "0-1"]
[WhiteElo "1000"]
[BlackElo "1000"]
[PlyCount "30"]
[EventDate "2022.04.09"]
[EventType "swiss"]
[EventRounds "9"]
[EventCountry "CZE"]

1. d4 d5 2. Nc3 Nf6 3. Nf3 Nc6 4. Nd2 Bf5 5. Nde4 Nxe4 6. Nxe4 Bxe4 7. f3 Bf5
8. e4 dxe4 9. fxe4 Bxe4 10. c3 e6 11. Bd3 Bf5 12. Qc2 Bd6 13. Bxf5 exf5 14.
Qxf5 Qe7+ 15. Be3 Qxe3+ 0-1

[Event "MCR 2022 D08"]
[Site "Klatovy, Czech Republic"]
[Date "2022.04.09"]
[Round "3.1"]
[White "Mauricova, Ivana"]
[Black "Kindelmannova, Svatava"]
[Result "0-1"]
[WhiteElo "1000"]
[BlackElo "1000"]
[PlyCount "70"]
[EventDate "2022.04.09"]
[EventType "swiss"]
[EventRounds "9"]
[EventCountry "CZE"]

1. e4 e5 2. Bc4 Nc6 3. Qh5 Nh6 4. Qf3 Bc5 5. Qd1 Qf6 6. Nf3 Ng4 7. Nc3 Bxf2+ 8.
Ke2 O-O 9. d3 Bh4 10. Bg5 Nd4+ 11. Kd2 Nxf3+ 12. gxf3 Qxf3 13. Rf1 Qg2+ 14. Rf2
Qxf2+ 15. Ne2 Bxg5+ 16. Kc3 Qe3 17. h3 a5 18. hxg4 a4 19. a3 b6 20. b4 Ba6 21.
b5 d5 22. Bxd5 Qc5+ 23. Bc4 Bb7 24. Rb1 Bxe4 25. dxe4 Qe3+ 26. Kb2 Qxe4 27. Nc3
Qb7 28. Nd5 Rfd8 29. Nc3 Rxd1 30. Rxd1 Ra5 31. Re1 Qf3 32. Ne4 Qxe4 33. Rxe4 h5
34. Rxe5 h4 35. Rxg5 h3 0-1

[Event "MCR 2022 D08"]
[Site "Klatovy, Czech Republic"]
[Date "2022.04.09"]
[Round "3.2"]
[White "Tykalova, Barbora"]
[Black "Machacova, Lea"]
[Result "1-0"]
[WhiteElo "1000"]
[BlackElo "1000"]
[PlyCount "47"]
[EventDate "2022.04.09"]
[EventType "swiss"]
[EventRounds "9"]
[EventCountry "CZE"]

1. e4 e5 2. Nf3 Bd6 3. Bc4 Nc6 4. O-O Nf6 5. Nc3 Bc5 6. d3 d5 7. exd5 Nxd5 8.
Nxd5 Nd4 9. Nxd4 Bxd4 10. Bg5 f6 11. Nxf6+ Kf8 12. c3 Bxf2+ 13. Rxf2 Bf5 14.
Nxh7+ Ke8 15. Bxd8 Kxd8 16. Rxf5 Rxh7 17. Rxe5 c5 18. Rxc5 Rc8 19. Rxc8+ Kxc8
20. Qg4+ Kc7 21. Qf4+ Kc6 22. Qe4+ Kc5 23. Qxh7 g6 24. Qxg6 1-0

[Event "MCR 2022 D08"]
[Site "Klatovy, Czech Republic"]
[Date "2022.04.09"]
[Round "3.3"]
[White "Kadlecova, Samantha"]
[Black "Kadlecova, Amanda"]
[Result "1-0"]
[WhiteElo "1000"]
[BlackElo "1000"]
[PlyCount "29"]
[EventDate "2022.04.09"]
[EventType "swiss"]
[EventRounds "9"]
[EventCountry "CZE"]

1. e4 d5 2. Nc3 Nf6 3. Nf3 Nc6 4. Bb5 e6 5. d3 Bc5 6. Bg5 O-O 7. O-O Bd7 8. Qd2
dxe4 9. dxe4 Bb4 10. Qd3 e5 11. Nd5 Bc5 12. b4 Nxb4 13. Nxb4 Bxb4 14. a3 Be7
15. Nxe5 1-0

[Event "MCR 2022 D08"]
[Site "Klatovy, Czech Republic"]
[Date "2022.04.09"]
[Round "3.4"]
[White "Chmelova, Klara"]
[Black "Petrovska, Adela"]
[Result "1-0"]
[WhiteElo "1000"]
[BlackElo "1000"]
[PlyCount "63"]
[EventDate "2022.04.09"]
[EventType "swiss"]
[EventRounds "9"]
[EventCountry "CZE"]

1. e4 e5 2. Nf3 Nc6 3. Nc3 Nf6 4. Bb5 Bb4 5. Bxc6 dxc6 6. Qe2 Bxc3 7. dxc3 Bg4
8. Bg5 Bxf3 9. Bxf6 Bxe2 10. Bxd8 Rxd8 11. Kxe2 O-O 12. Rhd1 Rc8 13. Kf1 Rce8
14. Kg1 Re6 15. Rd7 Rf6 16. Rxc7 Rf4 17. Rxb7 Rxe4 18. h3 Rc4 19. Rxa7 Rb4 20.
b3 Rf4 21. g3 Rf3 22. Kg2 Rf5 23. a4 e4 24. Re1 Re5 25. c4 h6 26. b4 c5 27. b5
f5 28. Rd1 Rc8 29. Rdd7 Rf8 30. Rxg7+ Kh8 31. Rh7+ Kg8 32. Rag7# 1-0

[Event "MCR 2022 D08"]
[Site "Klatovy, Czech Republic"]
[Date "2022.04.09"]
[Round "3.5"]
[White "Tykalova, Eva"]
[Black "Kammova, Viktorie"]
[Result "0-1"]
[WhiteElo "1000"]
[BlackElo "1000"]
[PlyCount "66"]
[EventDate "2022.04.09"]
[EventType "swiss"]
[EventRounds "9"]
[EventCountry "CZE"]

1. e4 e5 2. Nf3 d5 3. Nc3 dxe4 4. Bc4 exf3 5. gxf3 Be7 6. O-O Bd7 7. Qe2 Nc6 8.
Qe3 Nb4 9. d3 Nxc2 10. Rb1 Nxe3 11. fxe3 Bh4 12. Bd2 c6 13. Be1 Nf6 14. Bxh4
O-O 15. f4 exf4 16. exf4 Ng4 17. Bd5 cxd5 18. Nxd5 Bc6 19. Rf2 Bxd5 20. Rg2
Bxg2 21. Kxg2 Rc8 22. Kh3 Qd7 23. Kg2 Qd5+ 24. Kg1 Qd4+ 25. Kf1 Qxf4+ 26. Ke1
Rfe8+ 27. Kd1 Rcd8 28. Kc2 Re2+ 29. Kc3 Re3 30. Rc1 Rexd3+ 31. Kc2 Rc8+ 32. Kb1
Rc4 33. Ka1 Rxc1# 0-1

[Event "MCR 2022 D08"]
[Site "Klatovy, Czech Republic"]
[Date "2022.04.09"]
[Round "3.6"]
[White "Kapucianova, Nela"]
[Black "Topencikova, Ellen"]
[Result "0-1"]
[WhiteElo "1000"]
[BlackElo "1000"]
[PlyCount "64"]
[EventDate "2022.04.09"]
[EventType "swiss"]
[EventRounds "9"]
[EventCountry "CZE"]

1. e4 c6 2. Bc4 d5 3. exd5 cxd5 4. Bb5+ Nc6 5. Nf3 Nf6 6. Ng5 e6 7. d3 Bc5 8.
d4 h6 9. Nf3 Bb6 10. a4 a6 11. Bd3 Nxd4 12. Ne5 O-O 13. a5 Bxa5+ 14. b4 Bxb4+
15. c3 Qc7 16. cxb4 Qxe5+ 17. Be3 Ne4 18. Bxd4 Qxd4 19. Qh5 Qxa1 20. b5 axb5
21. f3 Nc3 22. O-O Nxb1 23. Bxb1 Qd4+ 24. Kh1 Ra1 25. f4 Qb2 26. h3 Rxb1 27.
Rg1 Ra1 28. f5 Ra2 29. fxe6 fxe6 30. Qd1 b6 31. Qh5 Rf1 32. Rxf1 Qxg2# 0-1

[Event "MCR 2022 D08"]
[Site "Klatovy, Czech Republic"]
[Date "2022.04.09"]
[Round "4.1"]
[White "Kindelmannova, Svatava"]
[Black "Tykalova, Barbora"]
[Result "0-1"]
[WhiteElo "1000"]
[BlackElo "1000"]
[PlyCount "66"]
[EventDate "2022.04.09"]
[EventType "swiss"]
[EventRounds "9"]
[EventCountry "CZE"]

1. e4 e5 2. Nf3 Nc6 3. Bc4 Nf6 4. O-O Bc5 5. d3 h6 6. Nh4 O-O 7. Nf5 Kh7 8. Qf3
d6 9. Qg3 g5 10. Qh3 Bxf5 11. exf5 Nd4 12. Na3 b5 13. Bb3 b4 14. Nc4 d5 15.
Nxe5 Ne2+ 16. Kh1 Qd6 17. Ng4 Nxg4 18. Qxg4 Nxc1 19. Raxc1 a5 20. Qh5 a4 21.
Rce1 axb3 22. axb3 Qf6 23. f4 Qxf5 24. g3 Bd4 25. g4 Qg6 26. Qxg6+ fxg6 27.
Re7+ Kg8 28. fxg5 Rxf1+ 29. Kg2 Rg1+ 30. Kh3 Rf8 31. gxh6 Rf3+ 32. Kh4 Bf6+ 33.
g5 Bxg5# 0-1

[Event "MCR 2022 D08"]
[Site "Klatovy, Czech Republic"]
[Date "2022.04.09"]
[Round "4.2"]
[White "Kammova, Viktorie"]
[Black "Kadlecova, Samantha"]
[Result "0-1"]
[WhiteElo "1000"]
[BlackElo "1000"]
[PlyCount "76"]
[EventDate "2022.04.09"]
[EventType "swiss"]
[EventRounds "9"]
[EventCountry "CZE"]

1. e4 e5 2. d4 Nc6 3. Nc3 exd4 4. Na4 Nf6 5. Nf3 Nxe4 6. c3 dxc3 7. bxc3 Bc5 8.
Bd3 Qe7 9. Bf4 Bd6 10. O-O Bxf4 11. Ne5 Qxe5 12. Nc5 Qxc5 13. h4 O-O 14. h5 h6
15. Re1 Nxc3 16. Re4 Nxd1 17. Rxd1 Bg5 18. Rde1 Qc3 19. R4e3 d6 20. Bh7+ Kxh7
21. Rxc3 Nb4 22. g4 Nxa2 23. f4 Bxf4 24. g5 Bxg5 25. Re7 Bxe7 26. Re3 Re8 27.
Rg3 Bg5 28. Rg2 Re1+ 29. Kf2 Rc1 30. Kg3 Nc3 31. Rf2 Ne4+ 32. Kh2 Rc3 33. Kg2
Bg4 34. Kf1 Re8 35. Kg1 Re5 36. Kg2 Rd5 37. Kh2 Rd2 38. Kh1 Rc1+ 0-1

[Event "MCR 2022 D08"]
[Site "Klatovy, Czech Republic"]
[Date "2022.04.09"]
[Round "4.3"]
[White "Tarielasvili, Kira"]
[Black "Chmelova, Klara"]
[Result "1-0"]
[WhiteElo "1000"]
[BlackElo "1000"]
[PlyCount "127"]
[EventDate "2022.04.09"]
[EventType "swiss"]
[EventRounds "9"]
[EventCountry "CZE"]

1. e4 e5 2. Nf3 Nc6 3. Nc3 d6 4. Bc4 Bg4 5. d3 Bxf3 6. Qxf3 Qd7 7. Bg5 f6 8.
Be3 O-O-O 9. Bb5 a6 10. Ba4 Nh6 11. Nd5 g6 12. Nxf6 Qf7 13. Bxc6 bxc6 14. Ng4
Qxf3 15. gxf3 Nxg4 16. fxg4 h5 17. Bg5 Re8 18. Bf6 Rg8 19. Rg1 Be7 20. Bxe7
Rxe7 21. gxh5 g5 22. O-O-O d5 23. exd5 cxd5 24. d4 exd4 25. Rxd4 Rd7 26. b3 c6
27. f4 c5 28. Ra4 g4 29. f5 Rf7 30. Rgxg4 Rxf5 31. Rxg8+ Kb7 32. Rg6 Rf1+ 33.
Kb2 Rf7 34. Raxa6 Rc7 35. Rgb6+ Kc8 36. Rc6 Rxc6 37. Rxc6+ Kd7 38. Rxc5 Kd6 39.
Ra5 Ke6 40. Kc3 Ke5 41. Kd3 Ke6 42. Kd4 Kd6 43. Rxd5+ Ke6 44. Ra5 Kf6 45. Ke4
Ke6 46. Ra6+ Kd7 47. Ke5 Kc7 48. Kd5 Kb7 49. Rh6 Kc7 50. Rg6 Kb7 51. Kc5 Ka7
52. Kb5 Kb7 53. Rg7+ Kc8 54. Ra7 Kb8 55. Kb6 Kc8 56. Rh7 Kd8 57. Ra7 Ke8 58.
Rb7 Kf8 59. Kc6 Ke8 60. Kd6 Kf8 61. Ke6 Kg8 62. Kf6 Kh8 63. Kg6 Kg8 64. Rb8#
1-0

[Event "MCR 2022 D08"]
[Site "Klatovy, Czech Republic"]
[Date "2022.04.09"]
[Round "4.4"]
[White "Machacova, Lea"]
[Black "Topencikova, Ellen"]
[Result "0-1"]
[WhiteElo "1000"]
[BlackElo "1000"]
[PlyCount "54"]
[EventDate "2022.04.09"]
[EventType "swiss"]
[EventRounds "9"]
[EventCountry "CZE"]

1. d4 d5 2. Bf4 Nc6 3. Nf3 Bf5 4. e4 Bxe4 5. Be2 Nb4 6. Nc3 Nxc2+ 7. Kd2 Nxa1
8. Qxa1 Bxf3 9. Bxf3 Nf6 10. Re1 e6 11. Nb5 Bb4+ 12. Kd1 Bxe1 13. Kxe1 O-O 14.
Bxc7 Qd7 15. Be5 Qxb5 16. Qc1 Qb4+ 17. Ke2 Rac8 18. Qd2 Qxd2+ 19. Kxd2 Ne4+ 20.
Bxe4 dxe4 21. Ke3 Rc2 22. Kxe4 Rxb2 23. g4 Re2+ 24. Kd3 Rxf2 25. g5 f6 26. Ke3
Rf5 27. Ke4 fxe5 0-1

[Event "MCR 2022 D08"]
[Site "Klatovy, Czech Republic"]
[Date "2022.04.09"]
[Round "4.5"]
[White "Melicharova, Tereza"]
[Black "Mauricova, Ivana"]
[Result "1-0"]
[WhiteElo "1000"]
[BlackElo "1000"]
[PlyCount "63"]
[EventDate "2022.04.09"]
[EventType "swiss"]
[EventRounds "9"]
[EventCountry "CZE"]

1. e4 e5 2. f4 Nf6 3. Nc3 Nc6 4. fxe5 Nxe5 5. d4 Nc6 6. Nf3 Bb4 7. Bd2 d6 8.
Bc4 Bg4 9. Be2 O-O 10. O-O a5 11. h3 Bh5 12. Bb5 a4 13. Bxa4 Ra5 14. Bxc6 bxc6
15. Bg5 Qe7 16. Qe1 Qe6 17. Rd1 d5 18. e5 Qf5 19. Qd2 c5 20. exf6 gxf6 21. Bh6
Re8 22. a3 Bxa3 23. bxa3 Rxa3 24. Nb5 Ra6 25. Nxc7 Rae6 26. Nxe6 Rxe6 27. Ra1
Re8 28. Rfe1 Rd8 29. Qa5 Rc8 30. Qa8 cxd4 31. Re8+ Rxe8 32. Qxe8# 1-0

[Event "MCR 2022 D08"]
[Site "Klatovy, Czech Republic"]
[Date "2022.04.09"]
[Round "4.6"]
[White "Petrovska, Adela"]
[Black "Kapucianova, Nela"]
[Result "1-0"]
[WhiteElo "1000"]
[BlackElo "1000"]
[PlyCount "37"]
[EventDate "2022.04.09"]
[EventType "swiss"]
[EventRounds "9"]
[EventCountry "CZE"]

1. e4 e5 2. Nf3 Nc6 3. Nc3 Nf6 4. Bb5 a6 5. Bxc6 dxc6 6. O-O Bc5 7. d3 Bg4 8.
Bg5 h6 9. Bxf6 Qxf6 10. h3 Bh5 11. Rc1 Bxf3 12. Qxf3 Qg6 13. Na4 f6 14. Nxc5
Rf8 15. Nxb7 Rb8 16. Nc5 f5 17. exf5 Qg5 18. Ne6 Qe7 19. Nxf8 1-0

[Event "MCR 2022 D08"]
[Site "Klatovy, Czech Republic"]
[Date "2022.04.09"]
[Round "5.1"]
[White "Kadlecova, Samantha"]
[Black "Tykalova, Barbora"]
[Result "0-1"]
[WhiteElo "1000"]
[BlackElo "1000"]
[PlyCount "148"]
[EventDate "2022.04.09"]
[EventType "swiss"]
[EventRounds "9"]
[EventCountry "CZE"]

1. e4 e5 2. Nf3 Nc6 3. Nc3 Nf6 4. Bc4 Bc5 5. d3 h6 6. Bd2 O-O 7. O-O d6 8. h3
Bd7 9. Nd5 Nxd5 10. Bxd5 Qf6 11. Qe2 Qg6 12. a3 Nd4 13. Nxd4 Bxh3 14. Qf3 Bg4
15. Qg3 Bxd4 16. c3 Bb6 17. Bxb7 Rab8 18. Bd5 c5 19. f3 c4+ 20. Kh1 Qh5+ 21.
Qh2 Qxh2+ 22. Kxh2 Bd7 23. dxc4 Bd8 24. Ra2 Ba4 25. Be3 Bb6 26. Bxb6 Rxb6 27.
g3 Rfb8 28. Rb1 Bb3 29. Raa1 Bc2 30. Rc1 Rxb2 31. Kh3 Ba4 32. f4 exf4 33. gxf4
Rf2 34. f5 Rbb2 35. Kg3 Rg2+ 36. Kh3 Rh2+ 37. Kg3 Rbg2+ 38. Kf3 g5 39. Rab1 g4+
40. Kf4 Rf2+ 41. Kxg4 h5+ 42. Kg3 Rhg2+ 43. Kh4 Rf4+ 44. Kxh5 Kg7 45. Rb7 Be8
46. Re7 Kf8 47. Rxa7 f6+ 48. Rf7+ Bxf7+ 49. Bxf7 Kxf7 50. a4 Rf3 51. Kh4 Rfg3
52. a5 Rg4+ 53. Kh3 Kg7 54. Rc2 Rxc2 55. Kxg4 Rxc3 56. a6 Ra3 57. Kf4 Rxa6 58.
c5 dxc5 59. e5 fxe5+ 60. Kxe5 Kf7 61. Kd5 Ra5 62. Kc4 Kf6 63. Kc3 Kxf5 64. Kc4
Ke5 65. Kc3 Ra4 66. Kb3 Rb4+ 67. Kc3 Ke4 68. Kc2 Kd4 69. Kd2 Rb2+ 70. Kc1 Rh2
71. Kd1 Ke3 72. Kc1 Kd3 73. Kb1 Kc3 74. Kc1 Rh1# 0-1

[Event "MCR 2022 D08"]
[Site "Klatovy, Czech Republic"]
[Date "2022.04.09"]
[Round "5.2"]
[White "Tarielasvili, Kira"]
[Black "Kindelmannova, Svatava"]
[Result "1-0"]
[WhiteElo "1000"]
[BlackElo "1000"]
[PlyCount "75"]
[EventDate "2022.04.09"]
[EventType "swiss"]
[EventRounds "9"]
[EventCountry "CZE"]

1. e4 e5 2. Nf3 Nc6 3. Nc3 Bc5 4. Bc4 Nf6 5. d3 O-O 6. Bg5 h6 7. Bh4 g5 8. Bg3
h5 9. h3 h4 10. Bh2 Nd4 11. Nxg5 Ne8 12. Nf3 Nxf3+ 13. Qxf3 Rb8 14. Bxe5 b5 15.
Bxb5 c6 16. Bxb8 cxb5 17. Nxb5 Ba6 18. Qg4+ Ng7 19. Be5 f6 20. Bd6 Bxd6 21.
Nxd6 Qc7 22. Nf5 Rf7 23. Nh6+ Kf8 24. Nxf7 Qxc2 25. O-O Kxf7 26. Rac1 Qxb2 27.
Qxh4 Qxa2 28. Rc7 Bb5 29. Rb7 Bc6 30. Rc7 a5 31. d4 a4 32. d5 Bb5 33. Re1 a3
34. e5 Qd2 35. Qxf6+ Kg8 36. Rec1 Nh5 37. Qe7 Nf4 38. Rc8# 1-0

[Event "MCR 2022 D08"]
[Site "Klatovy, Czech Republic"]
[Date "2022.04.09"]
[Round "5.3"]
[White "Topencikova, Ellen"]
[Black "Melicharova, Tereza"]
[Result "1-0"]
[WhiteElo "1000"]
[BlackElo "1000"]
[PlyCount "55"]
[EventDate "2022.04.09"]
[EventType "swiss"]
[EventRounds "9"]
[EventCountry "CZE"]

1. e4 d5 2. Nc3 dxe4 3. Nxe4 e5 4. Nf3 Nc6 5. Bc4 Bf5 6. Nfg5 Qc8 7. Nxf7 Bxe4
8. Nxh8 Bxg2 9. Rg1 Qg4 10. Qxg4 Nb4 11. Bd3 Nxd3+ 12. cxd3 Bd5 13. d4 exd4 14.
Qxd4 Bc6 15. Qe5+ Ne7 16. Qh5+ Kd8 17. Qf7 Kd7 18. b3 Re8 19. Bb2 Bd5 20. Qh5
Nf5+ 21. Kd1 Bc5 22. Qxf5+ Kc6 23. Re1 Rxh8 24. Re5 Rf8 25. Qd3 Rxf2 26. Qxd5+
Kb6 27. Qxc5+ Ka6 28. Qa5# 1-0

[Event "MCR 2022 D08"]
[Site "Klatovy, Czech Republic"]
[Date "2022.04.09"]
[Round "5.5"]
[White "Chmelova, Klara"]
[Black "Kammova, Viktorie"]
[Result "1-0"]
[WhiteElo "1000"]
[BlackElo "1000"]
[PlyCount "119"]
[EventDate "2022.04.09"]
[EventType "swiss"]
[EventRounds "9"]
[EventCountry "CZE"]

1. e4 e5 2. Nf3 Nf6 3. Nxe5 Nxe4 4. d3 Nxf2 5. Kxf2 d6 6. Nc4 Bd7 7. Qe1+ Be7
8. Be2 d5 9. Ncd2 O-O 10. Rf1 Bh4+ 11. g3 Be7 12. Nc3 Nc6 13. Nf3 Bc5+ 14. Be3
Bb4 15. Qd2 Bxc3 16. Qxc3 b6 17. Ke1 Nb4 18. Qxb4 Bc6 19. Rd1 Re8 20. Bd2 Bd7
21. Bc3 Rxe2+ 22. Kxe2 c5 23. Qg4 Bxg4 24. Kd2 Bxf3 25. Rxf3 d4 26. Bxd4 c4 27.
Bg1 cxd3 28. cxd3 f6 29. h4 b5 30. Bf2 a5 31. Re1 g5 32. hxg5 fxg5 33. g4 b4
34. Be3 a4 35. Rf5 b3 36. Bxg5 Qc8 37. axb3 axb3 38. Re4 Qc2+ 39. Ke3 Qc1+ 40.
Kf3 Qd1+ 41. Kg3 Qe1+ 42. Rf2 Qg1+ 43. Rg2 h5 44. Rxg1 hxg4 45. Kxg4 Ra7 46.
Rge1 Rg7 47. Re8+ Kh7 48. Rh1+ Kg6 49. Re6+ Kf7 50. Rhe1 Rg6 51. Rxg6 Kxg6 52.
d4 Kg7 53. Bc1 Kh7 54. d5 Kg7 55. d6 Kf7 56. d7 Kg6 57. d8=Q Kf7 58. Qd6 Kg7
59. Re7+ Kg8 60. Qd8# 1-0

[Event "MCR 2022 D08"]
[Site "Klatovy, Czech Republic"]
[Date "2022.04.09"]
[Round "5.6"]
[White "Postlova, Agata"]
[Black "Machacova, Lea"]
[Result "1-0"]
[WhiteElo "1000"]
[BlackElo "1000"]
[PlyCount "46"]
[EventDate "2022.04.09"]
[EventType "swiss"]
[EventRounds "9"]
[EventCountry "CZE"]

1. e4 e5 2. Nf3 Nc6 3. Nc3 Nf6 4. Bb5 b6 5. Bxc6 dxc6 6. Nxe5 Bc5 7. O-O O-O 8.
Na4 b5 9. Nxc5 Nh5 10. Nxc6 Qh4 11. g3 Qh3 12. Re1 Bg4 13. Ne7+ Kh8 14. Nd5
Bxd1 15. Rxd1 Nxg3 16. fxg3 Rae8 17. Kh1 Rxe4 18. d3 Re5 19. Bf4 Rf5 20. Bxc7
Re8 21. Rg1 Rxd5 22. c4 Rf5 23. cxb5 Rf1 1-0

[Event "MCR 2022 D08"]
[Site "Klatovy, Czech Republic"]
[Date "2022.04.09"]
[Round "6.1"]
[White "Tykalova, Barbora"]
[Black "Tarielasvili, Kira"]
[Result "0-1"]
[WhiteElo "1000"]
[BlackElo "1000"]
[PlyCount "38"]
[EventDate "2022.04.09"]
[EventType "swiss"]
[EventRounds "9"]
[EventCountry "CZE"]

1. e4 e5 2. Nf3 Nc6 3. Bc4 Nf6 4. Ng5 d5 5. exd5 Na5 6. Bb5+ c6 7. dxc6 bxc6 8.
Bd3 h6 9. Ne4 Bf5 10. Nxf6+ Qxf6 11. Bxf5 Qxf5 12. O-O Bc5 13. Qe2 O-O 14. a3
Bd6 15. b4 Nb7 16. d3 Rae8 17. Be3 e4 18. Bxa7 Qe5 19. c3 Qxh2# 0-1